|
|
|
|
| LEADER |
00000nnm a2200000 i 4500 |
| 001 |
dolg3563 |
| 005 |
20150602073232.0 |
| 008 |
150602suuuu hu o 000 hun d |
| 040 |
|
|
|a BGE Dolgozattár Repozitórium
|b hun
|
| 041 |
|
|
|a hu
|
| 100 |
1 |
|
|a Boros Dóra
|
| 245 |
1 |
2 |
|a A Mercure Budapest City Center F&B részlegének elemzése, szervezeti felépítése
|c Boros Dóra
|h [elektronikus dokumentum]
|
| 516 |
|
|
|a Project_work
|
| 695 |
|
|
|a étterem, F&B, Budapest, Accor, Mercure
|
| 700 |
1 |
|
|a Bártfai Endre
|e ths
|
| 856 |
4 |
0 |
|u http://dolgozattar.uni-bge.hu/3563/1/Boros%20D%C3%B3ra%20projektmunka%202015.pdf
|z Dokumentum-elérés
|